Bibliometrics Analyses in Data-driven Decision-Making/ (Record no. 6127)
[ view plain ]
| 000 -LEADER | |
|---|---|
| fixed length control field | 00682nam a22002057a 4500 |
| 003 - CONTROL NUMBER IDENTIFIER | |
| control field | OSt |
| 005 - DATE AND TIME OF LATEST TRANSACTION | |
| control field | 20260228151501.0 |
| 008 - FIXED-LENGTH DATA ELEMENTS--GENERAL INFORMATION | |
| fixed length control field | 260228b |||||||| |||| 00| 0 eng d |
| 020 ## - INTERNATIONAL STANDARD BOOK NUMBER | |
| International Standard Book Number | 9781394302529 |
| 040 ## - CATALOGING SOURCE | |
| Transcribing agency | KABLIB |
| Modifying agency | KABLIB |
| 082 ## - DEWEY DECIMAL CLASSIFICATION NUMBER | |
| Edition number | 23 |
| Classification number | 020.721 |
| Item number | BIB |
| 245 ## - TITLE STATEMENT | |
| Title | Bibliometrics Analyses in Data-driven Decision-Making/ |
| Remainder of title | edited by Prasenjit chatterjee, Abhijit saha, Seifedine Kadry, Ulay Demir |
| 260 ## - PUBLICATION, DISTRIBUTION, ETC. | |
| Place of publication, distribution, etc. | Hoboken |
| Name of publisher, distributor, etc. | Scrivener |
| Date of publication, distribution, etc. | c2025 |
| 300 ## - PHYSICAL DESCRIPTION | |
| Extent | xxix, 676P. : |
| Dimensions | 25 cm |
| 700 ## - ADDED ENTRY--PERSONAL NAME | |
| Personal name | Prasenjit chatterjee, |
| Relator term | Editor |
| 9 (RLIN) | 15569 |
| 700 ## - ADDED ENTRY--PERSONAL NAME | |
| Personal name | Abhijit saha |
| Relator term | Editor |
| 9 (RLIN) | 15570 |
| 700 ## - ADDED ENTRY--PERSONAL NAME | |
| Personal name | Seifedine Kadry |
| Relator term | Editor |
| 9 (RLIN) | 15571 |
| 700 ## - ADDED ENTRY--PERSONAL NAME | |
| Personal name | Ulay Demir |
| Relator term | Editor |
| 9 (RLIN) | 15572 |
| 942 ## - ADDED ENTRY ELEMENTS (KOHA) | |
| Source of classification or shelving scheme | Dewey Decimal Classification |
| Koha item type | Book |
| Withdrawn status | Lost status | Source of classification or shelving scheme | Damaged status | Not for loan | Home library | Current library | Date acquired | Total Checkouts | Full call number | Barcode | Date last seen | Price effective from | Koha item type |
|---|---|---|---|---|---|---|---|---|---|---|---|---|---|
| Dewey Decimal Classification | Mukombe Library | Mukombe Library | 28.02.2026 | 020.721 BIB | 14649 | 28.02.2026 | 28.02.2026 | Book | |||||
| Dewey Decimal Classification | Mukombe Library | Mukombe Library | 28.02.2026 | 020.721 BIB | 14650 | 28.02.2026 | 28.02.2026 | Book |